Holiday Quiz

Random Holiday or Christmas Quiz

U.K. Christmas #1s Quiz Stats

 Plays Quiz Updated Jan 6, 2021

Support Sporcle.
Go Orange.
Score 0/69 Timer 10:00
0 Plays Today
Year Song % Correct
1984Do They Know It's Christmas?
79.8%
1989Do They Know It's Christmas?
79.8%
2004Do They Know It's Christmas?
79.8%
2000Can We Fix It?
54.4%
1991Bohemian Rhapsody & These Are the Days of Our Lives
51.6%
1975Bohemian Rhapsody
51.4%
1988Mistletoe and Wine
48.7%
19962 Become 1
46%
1994Stay Another Day
45.6%
1992I Will Always Love You
45.4%
2003Mad World
43.8%
2002Sound Of The Underground
41.2%
1981Don't You Want Me
38.2%
1985Merry Christmas Everyone
37.9%
1995Earth Song
37.9%
1993Mr Blobby
37.3%
1978Mary's Boy Child & Oh My Lord
36.5%
1957Mary's Boy Child
36.3%
1969Two Little Boys
35.2%
1979Another Brick in the Wall (Part 2)
32.3%
1973Merry Xmas Everybody
30.8%
2001Somethin' Stupid
30.3%
2005That's My Goal
29.5%
2006A Moment Like This
29.2%
1974Lonely This Christmas
29.1%
1971Ernie (The Fastest Milkman in the West)
27.2%
1977Mull of Kintyre & Girls' School
27%
2008Hallelujah
26.6%
2017Perfect
25.9%
1972Long Haired Lover From Liverpool
25.7%
1983Only You
24.6%
1998Goodbye
23.8%
2009Killing In The Name
23.2%
1976When A Child Is Born (Soleado)
22.7%
1986Reet Petite
22.4%
Year Song % Correct
2019I Love Sausage Rolls
22.2%
1982Save Your Love
22%
2016Rockabye
21.2%
2018We Built This City
20.7%
1990Saviour's Day
20.4%
1980There's No-one Quite Like Grandma
18.5%
2007When You Believe
18%
1968Lily the Pink
17.4%
1999I Have A Dream & Seasons in the Sun
17.3%
1987Always on My Mind
15.4%
1966Green Green Grass of Home
13.2%
2020Don't Stop Me Eatin'
13.2%
2013Skyscraper
12.9%
1997Too Much
12.8%
1960I Love You
12.4%
1963I Want to Hold Your Hand
12.2%
2012He Ain't Heavy, He's My Brother
10.1%
1970I Hear You Knocking
9%
2014Something I Need
8.8%
1965Day Tripper & We Can Work It Out
8.2%
2011Wherever You Are
8.1%
2015A Bridge Over You
7.9%
1967Hello, Goodbye
7.7%
2010When We Collide
7.3%
1952Here in My Heart
7.2%
1964I Feel Fine
6.7%
1961Moon River
6.2%
1955Christmas Alphabet
4.8%
1962Return to Sender
4.6%
1959What Do You Want to Make Those Eyes at Me For?
4%
1958It's Only Make Believe
4%
1953Answer Me
3.5%
1954Let's Have Another Party
2.9%
1956Just Walkin' in the Rain
2.5%

From the Vault

Famous Fivesomes

by BlueWingX

Grab a fifth, plead the fifth, or play a perfect fifth. This quiz of grouped fives will start in 1, 2, 3, 4....
Remove Ads.
Support Sporcle.
Get the best of Sporcle when you Go Orange. This ad-free experience offers more features, more stats, and more fun while also helping to support Sporcle. Thank you for becoming a member.

Show Comments

Extras

Top Quizzes Today


Score Distribution

Your Account Isn't Verified!

In order to create a playlist on Sporcle, you need to verify the email address you used during registration. Go to your Sporcle Settings to finish the process.

Report this User

Report this user for behavior that violates our Community Guidelines.

Details: